A new earth : awakening to your life's purpose

Bibliographic Details
Main Author: Tolle, Eckhart
Format: Book
Published: New York : Penguin Group , 2005
Subjects:

MARC

LEADER 00000cam a2200000 7i4500
001 0000029998
005 20101125.0
008 101110
020 |a 0141027593 
090 0 0 |a 204.4   |b TOL 
100 1 |a Tolle, Eckhart 
245 1 0 |a A new earth :   |b awakening to your life's purpose   |c Eckhart Tolle 
260 |a New York :   |b Penguin Group ,   |c 2005 
650 0 |a Spiritual life 
999 |a 0001060426   |b Book   |c Adult Collection   |e Perbadanan Perpustakaan Awam Johor